000
00312nam a22001337a 4500
082
_a
894.812.1
_b
CHE/R
100
_a
CHERUSSERY
245
_a
RUKMINEESWAYAMVARAM
246
_a
RUKMINEESWAYAMVARAM
_b
RUKMINEESWAYAMVARAM
260
_a
INDIA
_b
POORNA
_c
2002
300
_a
99
650
_a
MALAYALAM POEMS
942
_c
BK
999
_c
8901
_d
8901